000 00845nam a2200265Ia 4500
003 OSt
005 20220930063857.0
006 a|||||r|||| 00| 0
007 ta
008 220926b |||||||| |||| 00| 0 eng d
024 _a3433
037 _cTheses
040 _aCRL
_cCRL
_beng
041 _2eng
_aeng
100 _aDahiya Aruna
_9523658
110 _aUniversity of Delhi. Faculty of Science. Department of Chemistry
_9519399
245 0 _aStudies in heterocyclic compounds
260 _c1995
650 _aCHEMISTRY
700 _a Prof D K Bhardwaj Supervisor
_9523093
700 _a Prof V K Ahluwalia Supervisor
700 _aUniversity of Delhi. Faculty of Science. Department of Chemistry
_9519402
942 _cDIS
_2CC
999 _c857429
_d857429